000 00611nam a22001817a 4500
005 20251108173023.0
008 250721s2005 xx 000 0 ara d
082 1 4 _a796.812/عثم
100 1 _aأحمد، أبو عثمان
245 1 0 _aالشاولين التايكواندو و الفلسفة القتالية /
246 1 1 _ashaolin kung fu taekwando philosophy
264 1 _aعمان :
_bدار البيت العتيق للنشر و التوزيع،
_c2005.
300 _a198 ص.
650 1 7 _aألعاب المبارزة
650 1 7 _aالتايكواندو
942 _2ddc
_cBK
999 _c94182
_d94182